Socialism in Georgian colors : (Record no. 1153)

000 -LEADER
fixed length control field 01402nam a22003617a 4500
001 - CONTROL NUMBER
control field 13926629
003 - CONTROL NUMBER IDENTIFIER
control field OSt
005 - DATE AND TIME OF LATEST TRANSACTION
control field 20210426121409.0
008 - FIXED-LENGTH DATA ELEMENTS--GENERAL INFORMATION
fixed length control field 050412s2005 mauab b 001 0 eng
010 ## - LIBRARY OF CONGRESS CONTROL NUMBER
LC control number 2005046130
020 ## - INTERNATIONAL STANDARD BOOK NUMBER
International Standard Book Number 0674019024 (alk. paper)
040 ## - CATALOGING SOURCE
Original cataloging agency DLC
Transcribing agency DLC
Modifying agency DLC
Language of cataloging eng
041 ## - LANGUAGE CODE
Language code of text/sound track or separate title eng
042 ## - AUTHENTICATION CODE
Authentication code pcc
043 ## - GEOGRAPHIC AREA CODE
Geographic area code a-gs---
-- a-aj---
-- a-ai---
-- e-ru---
050 00 - LIBRARY OF CONGRESS CALL NUMBER
Classification number HX376.64.A6
Item number J66 2005
080 ## - UNIVERSAL DECIMAL CLASSIFICATION NUMBER
Universal Decimal Classification number 94 (479.22)
Item number J-76
082 00 - DEWEY DECIMAL CLASSIFICATION NUMBER
Classification number 320.53/22/094758
Edition number 22
100 1# - MAIN ENTRY--PERSONAL NAME
Personal name Jones, Stephen F.
245 10 - TITLE STATEMENT
Title Socialism in Georgian colors :
Remainder of title the European road to social democracy, 1883-1917 /
Statement of responsibility, etc. / by: Harvard University Press
260 ## - PUBLICATION, DISTRIBUTION, ETC.
Place of publication, distribution, etc. Cambridge, Mass.
Name of publisher, distributor, etc. Harvard University Press
Date of publication, distribution, etc. 2005.
300 ## - PHYSICAL DESCRIPTION
Extent xiv, 384 p.
Other physical details ill., maps
Dimensions 25 cm.
504 ## - BIBLIOGRAPHY, ETC. NOTE
Bibliography, etc. note Includes bibliographical references (p. 361-368) and index.
650 #0 - SUBJECT ADDED ENTRY--TOPICAL TERM
Topical term or geographic name entry element Socialism
Geographic subdivision Georgia (Republic)
General subdivision History.
650 #0 - SUBJECT ADDED ENTRY--TOPICAL TERM
Topical term or geographic name entry element History of Georgia
9 (RLIN) 240
650 #0 - SUBJECT ADDED ENTRY--TOPICAL TERM
Topical term or geographic name entry element Socialism
Geographic subdivision Caucasus, South
General subdivision History.
650 #0 - SUBJECT ADDED ENTRY--TOPICAL TERM
Topical term or geographic name entry element Mensheviks
General subdivision History.
651 #0 - SUBJECT ADDED ENTRY--GEOGRAPHIC NAME
Geographic name Russia (Federation)
General subdivision History
Chronological subdivision Revolution, 1917-1921.
653 ## - INDEX TERM--UNCONTROLLED
Uncontrolled term საქართველოს ისტორია
906 ## - LOCAL DATA ELEMENT F, LDF (RLIN)
a 7
b cbc
c orignew
d 1
e ocip
f 20
g y-gencatlg
942 ## - ADDED ENTRY ELEMENTS (KOHA)
Source of classification or shelving scheme
Koha item type Books
Holdings
Withdrawn status Lost status Source of classification or shelving scheme Damaged status Not for loan Permanent location Current location Date acquired Inventory number Total Checkouts Full call number Barcode Date last seen Price effective from Koha item type
          Ken Walker International University Ken Walker International University 02/03/2021 466   94 (479.22) J-76 466 02/03/2021 02/03/2021 Books

Powered by Koha